00832cam a22002171 450000100060000000300080000600500170001400800410003103500190007203500190009104000320011004100110014208200210015310000390017424501930021326000320040630000500043865100390048865100470052770000400057433182BD-RjUL20211209051948.0140430s1934 ii f 000 0 eng  a(BD-RjUL)33273 a(OCoLC)3978197 aDLCcMnUdMnUdBD-RjULbeng0 aengper a915.42bMUT 19341 aMuḥammad, Khair al-Dīn,d1752-10aTazkirat-ul-ulama :bor, A memoir of the learned men (of Jaunpur) /cby Khair-ud-Din Muhammad. Edited in the original Persian with English translation, notes, etc. by Muhammad Sana Ullah. aCalcutta :ba. Faiz,c1934. axiv, 82, vi p.; 2, 75 p. :bplates. ;c19 cm. 0aJaunpur (India : City)vBiography. 0aJaunpur (India : City)xIntellectual life.0 aMohammad Sana Ullah,cKhan Bahadur.